Successful professional women of the Americas : (Record no. 170779)

MARC details
000 -LEADER
fixed length control field 01029nam a22002777a 4500
003 - CONTROL NUMBER IDENTIFIER
control field OSt
005 - DATE AND TIME OF LATEST TRANSACTION
control field 20240208095516.0
008 - FIXED-LENGTH DATA ELEMENTS--GENERAL INFORMATION
fixed length control field 240208b |||||||| |||| 00| 0 eng d
020 ## - INTERNATIONAL STANDARD BOOK NUMBER
International Standard Book Number 9781845424374 (hardback)
040 ## - CATALOGING SOURCE
Original cataloging agency NUST
Language of cataloging eng
Transcribing agency NUST
Modifying agency NUST
Description conventions rda
050 ## - LIBRARY OF CONGRESS CALL NUMBER
Classification number HD6054.2.A45 SUC
245 ## - TITLE STATEMENT
Title Successful professional women of the Americas :
Remainder of title from polar winds to tropical breezes / Betty Jane Punnett, Jo Ann Duffy, Suzy Fox and Ann Gregory.
260 ## - PUBLICATION, DISTRIBUTION, ETC.
Place of publication, distribution, etc. Cheltenham :
Name of publisher, distributor, etc. Edward Elgar,
Date of publication, distribution, etc. ©2006.
300 ## - PHYSICAL DESCRIPTION
Extent xii, 284 pages :
Other physical details illustrations ;
Dimensions 25 cm.
336 ## - CONTENT TYPE
Source rdamedia
Content type term text
Content type code txt
337 ## - MEDIA TYPE
Source rdamedia
Media type term unmediated
Media type code n
338 ## - CARRIER TYPE
Source rdamedia
Carrier type term volume
Carrier type code nc
504 ## - BIBLIOGRAPHY, ETC. NOTE
Bibliography, etc. note Includes bibliographical references and index.
650 ## - SUBJECT ADDED ENTRY--TOPICAL TERM
Form subdivision Women in professions -America.
650 ## - SUBJECT ADDED ENTRY--TOPICAL TERM
Form subdivision Women - America-History.
700 ## - ADDED ENTRY--PERSONAL NAME
Personal name Punnet, Betty Jane
Relator term Editor
700 ## - ADDED ENTRY--PERSONAL NAME
Personal name Duffy, Jo Ann
Relator term Editor
700 ## - ADDED ENTRY--PERSONAL NAME
Personal name Fox, Suzy
Relator term Editor
700 ## - ADDED ENTRY--PERSONAL NAME
Personal name Gregory, Ann
Relator term Editor
942 ## - ADDED ENTRY ELEMENTS (KOHA)
Source of classification or shelving scheme Library of Congress Classification
Koha item type Ordinary Loan Books
Classification part HD6054.2.A45
Call number prefix HD
Call number suffix SUC
Suppress in OPAC No
Holdings
Withdrawn status Lost status Source of classification or shelving scheme Damaged status Not for loan Collection Home library Current library Shelving location Date acquired Source of acquisition Cost, normal purchase price Total Checkouts Full call number Barcode Date last seen Accession number Cost, replacement price Price effective from Koha item type Public note
    LCC     NFIC MAIN MAIN GEN 09/14/2023 Book Aid International 157.00   HD6054.2.A45 SUC 92004053940 02/08/2024 60909 157.00 09/14/2023 BOOKS Donation